| 000 | 00345nam a2200121Ia 4500 | ||
|---|---|---|---|
| 008 | 190216s9999||||xx |||||||||||||| ||und|| | ||
| 100 | _aAlbert Paul Malvino And Jerald A. Brown | ||
| 245 | 0 | _aDigital Computer Electronics | |
| 260 |
_bTata Mcgraw Hill Publishing Company Ltd _c1995 |
||
| 300 | _a522 p | ||
| 650 | _aComputer Science | ||
| 942 | _cBK | ||
| 999 |
_c33350 _d33350 |
||